CABA. Rúbrica de documentación laboral en formato digital (Registro nro. 34077)

Detalles MARC
000 -LEADER
fixed length control field 00343 a2200109 4500
001 - CONTROL NUMBER
control field ART_46965
005 - DATE AND TIME OF LATEST TRANSACTION
control field 20260410162032.0
008 - FIXED-LENGTH DATA ELEMENTS--GENERAL INFORMATION
fixed length control field 260409a
100 1# - MAIN ENTRY--PERSONAL NAME
Personal name De Luca, Lorena F.
245 10 - TITLE STATEMENT
Title CABA. Rúbrica de documentación laboral en formato digital
773 0# - HOST ITEM ENTRY
Title Liquidación de sueldos
Related parts - Nº 141 (feb. 2018)
Record control number REV44399

No hay ítems disponibles.